| 000 | 00597nam a2200229Ia 4500 | ||
|---|---|---|---|
| 008 | 160803s9999 xx 000 0 und d | ||
| 020 | _a0 439400163 | ||
| 100 | _aEdwards, Pamela Duncan | ||
| 245 | _aClara Caterpillar / | ||
| 245 | _cby Pamela Duncan Edwards ; illustrated by Henry Cole. | ||
| 260 | _aNew York : | ||
| 260 | _bScholastic Inc. | ||
| 260 | _c2001 | ||
| 300 | _aunnumbered pages : | ||
| 300 | _bcolor illustrations ; | ||
| 300 | _c23 cm | ||
| 650 | _aButterflies -- | ||
| 650 | _aMetamorphosis -- | ||
| 650 | _xFiction. | ||
| 650 | _xFiction. | ||
| 700 | _a660 | ||
| 999 |
_c299080 _d299080 |
||